| 000 | 00644nam a2200157 a 4500 | ||
|---|---|---|---|
| 008 | 061121s2005 xx |||||||||||||| || u | ||
| 050 | _aTHESIS | ||
| 100 | _aChamululu, Godfrey | ||
| 245 | 1 | 3 |
_aAn investigation of use of sawdust in construction _cthesis supervised by D. Banda |
| 260 |
_a _bSchool of Built Environment, Department of Civil Engineering and Construction _c2005 |
||
| 350 | _a0.00 | ||
| 650 | _aWOOD WASTE | ||
| 650 | _aENGINEERING | ||
| 650 | _aCIVIL ENGINEERING | ||
| 995 |
_D0.00 _FCBU-MAIN LIBRARY (Kitwe) _H1 _I0.00 _M1 _UAVAILABLE _WNov 21, 2006 _ZUniversity Collection |
||
| 999 |
_c48250 _d48250 |
||